000 03684nam a2200313 i 4500
003 CSPC
005 20260406102918.0
008 260331s2023 maua b 001 0 eng d
020 _a9780323855525
040 _aCSPC
_beng
_cCSPC
_erda
050 4 _aTD168.5
_b.S537 2022
082 0 4 _a307.1216
_bSh232u
_223
100 1 _aSharifi, Ayyoob,
_eauthor.
245 1 0 _aUrban climate adaptation and mitigation /
_cAyyoob Sharifi and Amir Reza Khavarian-Garmsir.
264 1 _aAmsterdam, Netherlands :
_bElsevier,
_c2023.
300 _axii, 364 pages :
_billustrations ;
_c23 cm.
336 _2rdacontent
_atext
337 _2rdamedia
_aunmediated
338 _2rdacarrier
_avolume
504 _aIncludes bibliographical references and index.
505 0 _aUrbanization in the context of global environmental change -- Climate change adaptation and mitigation in cities -- Smart cities: key definitions and new directions -- Smart city solutions and climate change adaptation: an overview -- Smart city solutions and climate change mitigation: an overview -- The fundamentals of smart city assessment -- Assessment tools and indicators for smart city assessment -- The extent of inclusion of smart city indicators in existing urban sustainability assessment tools -- Indicators to assess contributions of smart city solutions and technologies to urban resilience -- Contributions of smart technologies to disaster resilience -- A typology analysis of smart city projects around the world -- Urban scale climate change adaptation through smart technologies -- Automated object extraction of satellite imagery to estimate the loss of vegetative land cover and inform climate adaptation actions in San Antonio, Texas -- Smart transformation in Iran, a step toward adaptation and reduction of climate change -- Technological solutions for adaptation with Iran's water resources crisis -- The way forward for data driven and climate-resilient cities.
520 _a"Uniquely focused on the contributions smart cities can make to climate change resilience, Urban Climate Adaptation and Mitigation offers evidence-based scientific solutions for improving cities' abilities to prepare for, recover from, and adapt to global climate-related events. Beginning with the observation of global environmental change, this book explores what sustainable smart projects are, how they are adopted and evaluated, and how they can address climate change challenges. It brings together a wide variety of disciplines such as planning, transportation, and waste management to address issues related to climate change adaptation and mitigation in cities.In general, many social science researchers lack cohesive, broad-based literature knowledge; Urban Climate Adaptation and Mitigation bridges this gap and informs different types of stakeholders on how they can enhance their preparation abilities to enable real-time responses and actions. Therefore, it is a valuable reference for researchers, professors, graduate students, city planners, and policy makers. Application-focused throughout, this book explores the complexities of urban systems and subsystems to support researchers, planners, and decision makers in their efforts toward developing more climate-resilient smart cities"-- Page 4 of cover.
650 0 _aCity planning
_xClimatic factors.
650 0 _aClimate change mitigation
_xSocial aspects.
650 0 _aSustainable urban development.
700 1 _aKhavarian-Garmsir, Amir Reza,
_eauthor.
942 _2ddc
_n0
_cBK
_h307.1216
_iSh232u
_kGRD
_m2023
_e23
999 _c32205
_d32205